Kathmandu valley's earthquake scenario: a product of the Kathmandu Valley Earthquake Risk Management Project implemented by National Society for Earthquake Technology-Nepal (NSET-Nepal) and GeoHazards International, USA (GHI) (Record no. 502335)

000 -LEADER
fixed length control field 00647cam a22001457a 4500
008 - FIXED-LENGTH DATA ELEMENTS--GENERAL INFORMATION
fixed length control field 180718b xxu||||| |||| 00| 0 eng d
082 ## - DEWEY DECIMAL CLASSIFICATION NUMBER
Classification number Q39 In2v
245 ## - TITLE STATEMENT
Title Kathmandu valley's earthquake scenario: a product of the Kathmandu Valley Earthquake Risk Management Project implemented by National Society for Earthquake Technology-Nepal (NSET-Nepal) and GeoHazards International, USA (GHI)
260 ## - PUBLICATION, DISTRIBUTION, ETC.
Place of publication, distribution, etc. Nepal
Name of publisher, distributor, etc. National Society for Earthquake Technology-Nepal (NSET-Nepal)
Date of publication, distribution, etc.
300 ## - PHYSICAL DESCRIPTION
Extent 24p.
650 ## - SUBJECT ADDED ENTRY--TOPICAL TERM
Topical term or geographic name entry element Disasters
650 ## - SUBJECT ADDED ENTRY--TOPICAL TERM
Topical term or geographic name entry element Earthquake
650 ## - SUBJECT ADDED ENTRY--TOPICAL TERM
Topical term or geographic name entry element Disaster management
700 ## - ADDED ENTRY--PERSONAL NAME
Personal name National Society for Earthquake Technology-Nepal (NSET-Nepal)
Holdings
Withdrawn status Lost status Damaged status Not for loan Permanent Location Current Location Date acquired Full call number Barcode Date last seen Price effective from Koha item type
        Indian Institute of Public Administration Indian Institute of Public Administration 2018-08-04 Q39 In2v GR16078 2018-08-04 2018-08-04 GR

Powered by Koha